Statistics for Membres de la FIFA

Click here to take the quiz!

General Stats

  • This quiz has been taken 65 times
  • The average score is 164 of 211

Answer Stats

Association % Correct
Lettonie
93%
Italie
93%
Lituanie
93%
Luxembourg
93%
Norvège
93%
Irlande
93%
Finlande
93%
Allemagne
93%
Andorre
93%
Espagne
93%
Estonie
93%
Pologne
93%
France
93%
Slovénie
93%
Suède
93%
Suisse
93%
Portugal
93%
Russie
93%
Slovaquie
93%
République Tchèque
93%
Angleterre
91%
Irlande du Nord
91%
Saint-Marin
91%
Autriche
91%
Ecosse
89%
Danemark
89%
Chine
89%
Belgique
89%
Bosnie-Herzégovine
89%
Pays de Galles
89%
Croatie
89%
Etats Unis
89%
Hongrie
89%
Serbie
89%
Roumanie
89%
Brésil
89%
Paraguay
87%
Colombie
87%
Ukraine
87%
Vénézuela
87%
Argentine
87%
Australie
87%
Bolivie
87%
Uruguay
87%
Chypre
87%
Monténégro
87%
Macédoine
87%
Israël
87%
Biélorussie
87%
Grèce
87%
Kosovo
84%
Chili
84%
Moldavie
84%
Guyana
84%
Mexique
84%
Kazakhstan
84%
Islande
84%
Indonésie
84%
Japon
84%
Inde
84%
Bulgarie
84%
Fidji
84%
Nouvelle Zélande
84%
Turquie
84%
Samoa
84%
Algérie
84%
Afrique du Sud
82%
Mali
82%
Malte
82%
Iran
82%
Pays-Bas
82%
Géorgie
82%
RD Congo
82%
Arménie
82%
Antigua-et-Barbuda
82%
Pérou
82%
Equateur
82%
Irak
82%
Suriname
82%
Guatemala
82%
Canada
82%
Cuba
82%
Panama
82%
Birmanie
82%
Cap-Vert
80%
Tonga
80%
Sénégal
80%
Zimbabwe
80%
Timor Oriental
80%
Azerbaïdjan
80%
Sri Lanka
80%
Tadjikistan
80%
Togo
80%
Tunisie
80%
Liechtenstein
80%
Liban
80%
Nicaragua
80%
Congo
80%
Maroc
80%
Ouzbékistan
80%
Honduras
80%
Arabie Saoudite
80%
Corée du Sud
78%
Corée du Nord
78%
Mauritanie
78%
Gambie
78%
Guinée
78%
Egypte
78%
Côte d'Ivoire
78%
Angola
78%
Cameroun
78%
Kenya
78%
Maurice
78%
Seychelles
78%
Albanie
78%
Rwanda
78%
Niger
78%
Gibraltar
78%
Turkménistan
78%
Maldives
78%
Saint-Chritophe-et-Niévès
78%
Iles Salomon
78%
Barbade
78%
Saint-Vincent-et-les-Grenadines
78%
Haïti
78%
Trinité-et-Tobago
78%
Costa Rica
78%
Grenade
78%
Cambodge
76%
Singapour
76%
Bahamas
76%
République Dominicaine
76%
Pakistan
76%
Soudan
76%
Soudan du Sud
76%
Yémen
76%
Oman
76%
Zambie
76%
Ghana
76%
Viêt-Nam
76%
Népal
76%
Burundi
76%
Tchad
76%
Laos
76%
Namibie
76%
Iles Féroé
76%
Comores
76%
Malaisie
76%
Brunei
76%
Nigeria
76%
Libye
76%
Mozambique
76%
Libéria
73%
Guinée Equatoriale
73%
Ouganda
73%
République Centrafricaine
73%
Guinée-Bissau
73%
Salvador
73%
Somalie
73%
Gabon
73%
Kirghizistan
73%
Koweït
73%
Jamaïque
73%
Jordanie
73%
Bangladesh
73%
Dominique
73%
Bénin
73%
Botswana
73%
Papouasie Nouvelle Guinée
73%
Djibouti
73%
Sainte-Lucie
73%
Thaïlande
73%
Madagascar
73%
Syrie
73%
Qatar
73%
Vanuatu
73%
Ethiopie
71%
Lesotho
71%
Erythrée
71%
Sao Tomé et Principe
71%
eSwatini
71%
Bhoutan
71%
Tanzanie
71%
Emirats Arabes Unis
71%
Afghanistan
71%
Philippines
71%
Bahreïn
69%
Taiwan
69%
Mongolie
69%
Belize
69%
Sierra Leone
69%
Burkina Faso
67%
Malawi
62%
Tahiti
60%
Nouvelle Calédonie
56%
Palestine
56%
Aruba
53%
Porto Rico
51%
Iles Vierges Britanniques
47%
Iles Vierges Américaines
47%
Hongkong
47%
Curacao
44%
Iles Cook
42%
Macao
42%
Guam
40%
Samoa Américaines
40%
Montserrat
38%
Anguilla
36%
Iles Caïmans
36%
Bermudes
36%
Turks-et-Caicos
31%

Score Distribution

Percentile by Number Answered

Percent of People with Each Score

Your Score History

You have not taken this quiz